000 01703nam0a2200337 i 4500
001 RU\NLR\BIBL_A\010360345
005 20260405214615.0
010 _a9785738911958
_9100
021 _aRU
_b2014-20466
_91272
035 _a(NILC)RuMoRGB-006764534
035 _a(NLR Aleph) 010360345
090 _a10777154
_c10777154
100 _a20140523d2013 k y0rusy50 ca
101 0 _arus
102 _aRU
105 _aa|||z|||001yy
200 1 _aМоделирование теплообмена в мантии и ядре Земли
_fС.В. Соловьев
_gМ-во образования и науки Рос. Федерации, Федер. гос. бюджет. образоват. учреждение высш. проф. образования "Тихоокеан. гос. ун-т"
210 _aХабаровск
_cИзд-во ТОГУ
_d2013
215 _a167 с.
_cил.
_d21
320 _aБиблиогр.: с. 158-166 (123 назв.)
606 _aМантия Земли
_xКонвективный теплообмен
_xМатематическое моделирование
_92248473
_3RU\NLR\AUTH\661348829
606 _aЯдро Земли
_xКонвективный теплообмен
_xМатематическое моделирование
_92248474
_3RU\NLR\AUTH\661348830
675 _a551.1:536.2:519.8
686 1 _aД213.45в641.0
700 1 _8rus
_7ca
_aСоловьев
_bС. В.
_cд-р физ.-мат. наук
_f1949-
_gСергей Викторович
_3RU\NLR\AUTH\7797554
_980480
801 0 _aRU
_bRuMoRKP
_c20140320
_gRCR
801 2 _aRU
_bРГБ
_c20140404
_grcr
942 _cBOOK
980 _aNBR